Egyptological essays on state and society /

Saved in:

Corporate Author: Università degli studi di Napoli "L'Orientale. Dipartimento di studi e ricerche su Africa e paesi arabi.

Other Authors: Pirelli, Rosanna.

Format: Book

Language: English
Italian

Published: Napoli : Istituto universitario orientale, 2002 (printed 2003)

Series: Serie Egittologica ; 2.

Subjects:

Tags: Add Tag

No Tags, Be the first to tag this record!

Call Number: DT57 .S19 v.2

LEADER 01067namaa2200325 4500
001 13317
003 OSt
005 20260421141227.0
008 130303s2002 it a b 000 0 eng d
010 |a 2004453078 
040 |c ARCE Library 
041 0 |a eng  |a ita 
043 |a f-ua--- 
050 4 |a DT57 .S19 v.2 
245 0 0 |a Egyptological essays on state and society /  |c edited by Rosanna Pirelli. 
264 1 |a Napoli :  |b Istituto universitario orientale,   |c 2002 (printed 2003)  
300 |a 148 pages :  |b illustrations ;  |c 24 cm. 
490 1 |a Serie Egittologica ;   |v 2. 
500 |a Collected essays. 
504 |a Includes bibliographical references. 
546 |a English, French. 
650 0 |a Funeral rites and ceremonies  |z Egypt. 
650 0 |a Tombs  |z Egypt. 
651 0 |a Egypt   |x Antiquities. 
700 1 |a Pirelli, Rosanna.  |9 37682 
710 2 |a Università degli studi di Napoli "L'Orientale.  |b Dipartimento di studi e ricerche su Africa e paesi arabi. 
830 0 |a Serie Egittologica ;   |v 2. 
901 |a reviewed 
942 |c BK  |2 lcc 
999 |c 13220  |d 13220